Canada men's national soccer team players - Statistics

General Stats
  • This quiz has been taken 70 times
  • The average score is 10 of 26
Answer Stats
Number Position Player % Correct
19 DF Alphonso Davies
93%
20 FW Jonathan David
88%
17 FW Cyle Larin
64%
18 GK Milan Borjan
64%
4 DF Kamal Miller
57%
1 GK Dayne St. Clair
53%
15 MF Ismaël Koné
53%
7 MF Stephen Eustáquio
53%
11 FW Tajon Buchanan
53%
2 DF Alistair Johnston
50%
22 DF Richie Laryea
47%
13 MF Atiba Hutchinson
41%
23 FW Liam Millar
40%
21 MF Jonathan Osorio
36%
25 DF Derek Cornelius
31%
6 MF Samuel Piette
31%
16 GK James Pantemis
28%
3 DF Sam Adekugbe
28%
12 FW Iké Ugbo
24%
10 FW Junior Hoilett
24%
5 DF Steven Vitória
24%
9 FW Lucas Cavallini
16%
26 DF Joel Waterman
12%
14 MF Mark-Anthony Kaye
12%
24 MF David Wotherspoon
10%
8 MF Liam Fraser
10%
No matching quizzes found
Score Distribution
Percent of People with Each Score
Percentile by Number Answered
Your Score History
You have not taken this quiz